<?xml version="1.0" encoding="UTF-8"?>
<record
    xmlns:xsi="http://www.w3.org/2001/XMLSchema-instance"
    xsi:schemaLocation="http://www.loc.gov/MARC21/slim http://www.loc.gov/standards/marcxml/schema/MARC21slim.xsd"
    xmlns="http://www.loc.gov/MARC21/slim">

  <leader>00974nam a22002297a 4500</leader>
  <controlfield tag="005">20240418105923.0</controlfield>
  <controlfield tag="008">      s2551    th                  tha d</controlfield>
  <datafield tag="020" ind1=" " ind2=" ">
    <subfield code="a">9789744512895</subfield>
  </datafield>
  <datafield tag="040" ind1=" " ind2=" ">
    <subfield code="a">NALT</subfield>
  </datafield>
  <datafield tag="041" ind1=" " ind2=" ">
    <subfield code="a">tha</subfield>
  </datafield>
  <datafield tag="050" ind1=" " ind2=" ">
    <subfield code="a">DS 767.47 </subfield>
    <subfield code="b">&#xE23;941&#xE2B; 2551</subfield>
  </datafield>
  <datafield tag="100" ind1="0" ind2=" ">
    <subfield code="a">&#xE42;&#xE23;&#xE21; &#xE1A;&#xE38;&#xE19;&#xE19;&#xE32;&#xE04;.</subfield>
    <subfield code="9">35757</subfield>
  </datafield>
  <datafield tag="245" ind1="1" ind2="0">
    <subfield code="a">&#xE40;&#xE2B;&#xE15;&#xE38;&#xE40;&#xE01;&#xE34;&#xE14;&#xE43;&#xE19;&#xE2A;&#xE07;&#xE04;&#xE23;&#xE32;&#xE21;&#xE21;&#xE2B;&#xE32;&#xE40;&#xE2D;&#xE40;&#xE0A;&#xE35;&#xE22;&#xE1A;&#xE39;&#xE23;&#xE1E;&#xE32; /</subfield>
    <subfield code="c">&#xE42;&#xE23;&#xE21; &#xE1A;&#xE38;&#xE19;&#xE19;&#xE32;&#xE04;</subfield>
  </datafield>
  <datafield tag="260" ind1=" " ind2=" ">
    <subfield code="a">&#xE01;&#xE23;&#xE38;&#xE07;&#xE40;&#xE17;&#xE1E;&#xE2F; : </subfield>
    <subfield code="b">&#xE2A;&#xE22;&#xE32;&#xE21;&#xE1A;&#xE31;&#xE19;&#xE17;&#xE36;&#xE01;, </subfield>
    <subfield code="c">2551</subfield>
  </datafield>
  <datafield tag="300" ind1=" " ind2=" ">
    <subfield code="a">187 &#xE2B;&#xE19;&#xE49;&#xE32; :</subfield>
    <subfield code="b">&#xE20;&#xE32;&#xE1E;&#xE1B;&#xE23;&#xE30;&#xE01;&#xE2D;&#xE1A; ;</subfield>
    <subfield code="c">21 &#xE0B;&#xE21;.</subfield>
  </datafield>
  <datafield tag="650" ind1=" " ind2="4">
    <subfield code="a">&#xE2A;&#xE07;&#xE04;&#xE23;&#xE32;&#xE21;&#xE40;&#xE2D;&#xE40;&#xE0A;&#xE35;&#xE22;&#xE1A;&#xE39;&#xE23;&#xE1E;&#xE32;</subfield>
    <subfield code="9">22217</subfield>
  </datafield>
  <datafield tag="650" ind1=" " ind2="4">
    <subfield code="a">&#xE2A;&#xE07;&#xE04;&#xE23;&#xE32;&#xE21;&#xE42;&#xE25;&#xE01;, &#xE04;.&#xE28;. 1939-1945</subfield>
    <subfield code="9">22000</subfield>
    <subfield code="z">&#xE44;&#xE17;&#xE22;</subfield>
  </datafield>
  <datafield tag="650" ind1=" " ind2="4">
    <subfield code="a">&#xE17;&#xE32;&#xE07;&#xE23;&#xE16;&#xE44;&#xE1F; </subfield>
    <subfield code="9">11583</subfield>
    <subfield code="z">&#xE44;&#xE17;&#xE22;</subfield>
    <subfield code="z">&#xE01;&#xE32;&#xE0D;&#xE08;&#xE19;&#xE1A;&#xE38;&#xE23;&#xE35; </subfield>
  </datafield>
  <datafield tag="850" ind1=" " ind2=" ">
    <subfield code="a">NALT</subfield>
  </datafield>
  <datafield tag="942" ind1=" " ind2=" ">
    <subfield code="c">GB</subfield>
    <subfield code="2">lcc</subfield>
  </datafield>
  <datafield tag="998" ind1=" " ind2=" ">
    <subfield code="j">4574</subfield>
    <subfield code="k"> &#xE19;&#xE31;&#xE01;&#xE28;&#xE36;&#xE01;&#xE29;&#xE32;&#xE1D;&#xE36;&#xE01;&#xE07;&#xE32;&#xE19;-01</subfield>
  </datafield>
  <datafield tag="999" ind1=" " ind2=" ">
    <subfield code="c">57180</subfield>
    <subfield code="d">57180</subfield>
  </datafield>
  <datafield tag="952" ind1=" " ind2=" ">
    <subfield code="0">0</subfield>
    <subfield code="1">0</subfield>
    <subfield code="4">0</subfield>
    <subfield code="7">0</subfield>
    <subfield code="8">CGBL</subfield>
    <subfield code="a">NALT</subfield>
    <subfield code="b">NALT</subfield>
    <subfield code="e">&#xE08;&#xE31;&#xE14;&#xE0B;&#xE37;&#xE49;&#xE2D;&#xE17;&#xE23;&#xE31;&#xE1E;&#xE22;&#xE32;&#xE01;&#xE23;</subfield>
    <subfield code="g">155.00</subfield>
    <subfield code="l">0</subfield>
    <subfield code="o">DS 767.47 &#xE23;941&#xE2B; 2551</subfield>
    <subfield code="p">3961175402</subfield>
    <subfield code="r">2017-06-09 00:00:00</subfield>
    <subfield code="v">205.00</subfield>
    <subfield code="w">2017-06-09</subfield>
    <subfield code="y">GB</subfield>
  </datafield>
</record>
